000
00306nam a22001337a 4500
008
180228b xxu||||| |||| 00| 0 eng d
020
_a
0673133125
041
_a
eng
080
_a
91
100
_a
42
101
_a
GEO
245
_a
LAND AND PEOPLE A WORLD GEOGRAPHY
_c
ALBERT.J.L
942
_2
udc
_c
BK
999
_c
43709
_d
43709